Štúdium vzťahu medzi štruktúrou polymérov a ich elektrickými vlastnosťami : Obh. 16.1.1992 /

Saved in:
Bibliographic Details
Main Author: Marianiová, Dana (Author)
Format: Manuscript Book
Language:Slovak
Published: Bratislava : SVŠT v Bratislave ChtF, 1991
Tags: Add Tag
No Tags, Be the first to tag this record!

MARC

LEADER 00000ntm a22000003a 4500
001 stu18920
005 20150617225756.6
008 920604s1991----cs------------------slo-d
040 |a STU  |b slo 
041 0 |a slo 
044 |a cs 
080 |a 678.01(043.3) 
100 1 |a Marianiová, Dana  |4 aut 
245 1 |a Štúdium vzťahu medzi štruktúrou polymérov a ich elektrickými vlastnosťami :  |b Obh. 16.1.1992 /  |c [aut.]Marianiová,Dana 
260 |a Bratislava :  |b SVŠT v Bratislave ChtF,  |c 1991 
300 |a 114 s :  |b Tab.,grafy,lit 
500 |a Katedra polygrafie a aplikovanej fotochémie 
996 |b CKD221  |c C*KD221  |l CCI  |s A  |a 24  |w stu18920_0001